000 00500nam a2200181Ia 4500
001 11479
005 20260306162831.0
008 260306t1971||||xx |||||||||||||| ||spa||
041 _aESP
082 _a985.06
_bS82
100 _aStorace, Pedro Luis
_eAUT
245 0 _aLas etapas finales de la gallarda corbeta Unión:
_b(diario de un marino italiano en la guerra de 1879)
260 _c1971
300 _a128 páginas :
_c20 cm.
650 _aGEN
654 _aCHU
942 _cLIB
_dJUS
_fJUS
_2ddc
_n
999 _c11479
_d11479